000
00303nam a2200121Ia 4500
005
20251222143234.0
008
251222s9999||||xx |||||||||||||| ||spa||
082
_a
869.56/C95
245
0
_a
Indumentaria de los Danzantes de Tijeras
250
_a
1ra.ed.
264
_b
Ministerio de Cultura
942
_c
LIB
999
_c
14301
_d
14301